000 00252nmm a2200085Ia 4500
008 220120s9999||||xx |||||||||||||||||und||
100 _aDIGIT-JAN-2009
245 0 _a10hd movie trailars, 5games, 7games trailers 1gb of multimed
260 _aInfomedia18
_c2009
999 _c139270
_d139270